Villes de Lorraine en images - Statistiques

Statistiques générales
  • Ce quiz a été pris 160 fois
  • Le résultat moyen est 7 sur 15
Statistiques - réponses
Par images Réponse % Correct
Nancy
95%
Metz
90%
Douaumont-Vaux
80%
Gérardmer
76%
Lunéville
58%
Thionville
48%
Toul
42%
Bar-le-Duc
36%
Épinal
34%
Bitche
30%
Sarreguemines
28%
Pont-à-Mousson
25%
Forbach
23%
Domrémy-la-Pucelle
17%
Plombières-les-Bains
15%
Aucun quiz correspondant
Distribution des résultats
% des personnes avec chaque résultat
Percentile par nombre de réponses
Votre historique - résultats
Vous n’avez pas pris ce quiz